logo

Bir Sreshtho Munshi Abdur Rouf Library
Jhenaidah Cadet College

The Statesman's Year-Book / (Record no. 5892)

MARC details
000 -LEADER
fixed length control field 00568nam a2200217 a 4500
001 - CONTROL NUMBER
JCCL Control Number 5892
003 - CONTROL NUMBER IDENTIFIER
JCCL marc code BD-JhCC
005 - DATE AND TIME OF LATEST TRANSACTION
control field 20180101174400.0
008 - FIXED-LENGTH DATA ELEMENTS--GENERAL INFORMATION
fixed length control field 171230s1994 uk |||| |||| 000 0 eng d
035 ## - SYSTEM CONTROL NUMBER
system control number (BD-JhCC)5892
040 ## - CATALOGING SOURCE
Original cataloging agency BD-JhCC
Modifying agency BD-JhCC
041 ## - LANGUAGE CODE
Language code of Book eng
082 ## - DEWEY DECIMAL CLASSIFICATION NUMBER
Classification number 320.05
Author mark and Year STA 1994
245 ## - TITLE STATEMENT
Title The Statesman's Year-Book /
Statement of responsibility, etc edited by Brain Hunter
246 ## - VARYING FORM OF TITLE
Remainder of title 131st ed.
260 ## - PUBLICATION, DISTRIBUTION, ETC. (IMPRINT)
Place of publication, distribution, etc London:
Name of publisher, distributor, etc BPC Hazell Books Ltd;
Date of publication, distribution, etc 1994
300 ## - PHYSICAL DESCRIPTION
Pagination 1709 p,;
Dimensions 21 cm
650 ## - SUBJECT ADDED ENTRY--TOPICAL TERM
Topical term or geographic name as entry element Political Science
Form subdivision Statistics
700 ## - ADDED ENTRY--PERSONAL NAME
Personal name Hunter, Brian
942 ## - ADDED ENTRY ELEMENTS (KOHA)
Source of classification or shelving scheme Dewey Decimal Classification
Koha item type Books
Holdings
Source of classification or shelving scheme Damaged status Not for loan Home library Current library Shelving location Date of accession Total Checkouts Full call number Barcode Date last seen Copy number Koha item type
Dewey Decimal Classification     JCC Rouf Library JCC Rouf Library General Stacks 12/30/2017   320.05 STA 1994 8202 12/30/2017 C-1 Books

JCC Library | Contacts | JCC Home

Last Update on 23 September 2017
Copyright @ 2017-2020 JCC Rouf Library
Rouf Library, Jhenidah Cadet College (JCC), Bangladesh